000
00265nam a22001217a 4500
008
170615b xxu||||| |||| 00| 0 eng d
041
_a
eng
080
_2
2ND
_a
94(100)
100
_a
16
101
_a
SHH
245
_a
PERMANENT REVOLUTION
_c
KOHN,H
942
_2
udc
_c
BK
999
_c
17534
_d
17534